تحميل...

Plasma astrophysics

التفاصيل البيبلوغرافية
المؤلفون الرئيسيون: Shibata, Kazunari; Author, Tajima, Toshiki; Author
التنسيق: Printed Book
منشور في: Harlow, Addison-Wesley 1997
سلاسل:Frontiers in physics
الموضوعات:
LEADER 006180000a22002050004500
020 |a 0-201-40642-X 
082 |a 523.01 N71 
100 |a Shibata, Kazunari; Author 
100 |a Tajima, Toshiki; Author 
245 |a Plasma astrophysics 
260 |a Harlow, Addison-Wesley 
260 |c 1997 
460 |a xviii,494p 
490 |a Frontiers in physics 
500 |a Includes index 
500 |a T Tajima and K Shibata 
650 |a Plasma astrophysics 
942 |c BK 
999 |c 34461  |d 34461 
952 |0 0  |1 0  |4 0  |6 523_010000000000000_N71  |7 0  |8 ENG  |9 34780  |a MGUL  |b MGUL  |d 2013-07-16  |l 0  |o 523.01 N71  |p G00921  |r 2013-07-16  |w 2013-07-16  |y BK